Mezinárodní konference "Bezpečné příhraničí"

Korporativní autor: Policejní akademie České republiky
Jazyk: Čeština
Vydáno: Praha : Police History, [200-]-^^^^
Fyzický popis: ^^^sv. ; 21 cm
Odebírané ročníky: 2007-
Noviny a časopisy
Uloženo v:
LEADER 00860nas a2200265 a 4500
001 000854068
003 CZ BrMZK
005 20070614131506.0
007 ta
008 070613c200u9999xr uu p 1 a0cze d
020 |a 978-80-86477-39-8  |q (2007) 
040 |a BOA001  |b cze 
245 0 0 |a Mezinárodní konference "Bezpečné příhraničí" 
246 3 3 |a Bezpečné příhraničí 
260 |a Praha :  |b Police History,  |c [200-]-^^^^ 
300 |a ^^^sv. ;  |c 21 cm 
310 |a Periodicita není známa 
500 |a Jednotlivé svazky mají vlastní ISBN 
541 |c pv-r 
710 2 |a Policejní akademie České republiky  |7 ko2002101936 
910 |a BOA001  |b 2-1184.286  |r 2007- 
952 |a e-xr-pg 
990 |a SE 
991 |b 20070613 
996 6 |b 2610310458  |c 2-1184.286  |d 2007  |v 2007  |y 2007  |l MZK  |r Sklad / do 1 hodiny  |n 0  |p p.v.  |w 000854068  |u 000010  |a 1  |e BOA001  |j MZK50  |s P